00475pab a2200145 454500008004000000100002500040245011800065260000900183300001500192362000800207650003200215650003000247650002000277773003200297180718b2003 xxu||||| |||| 00| 0 eng d aOaikhenan, Hassan E. aThe impact of economic reform on the behaviour of stock prices: empirical evidence from the Nigerian stock market c2003 ap.287-304. aJan aFinancial markets - Nigeria aEconomic reform - Nigeria aEconomic reform aIndian Journal of Economics